| 000 | 00415nam a2200145 a 4500 | ||
|---|---|---|---|
| 001 | 000036361 | ||
| 005 | 20200930075705.0 | ||
| 008 | 120113s1967 sp a 000 0 spa d | ||
| 040 |
_aDO-SdBNP _bspa _cBNPHU |
||
| 082 |
_axxx _bV483a |
||
| 100 | 1 |
_aVerdaguer, Jacinto _962548 |
|
| 245 | 1 | 3 |
_aLa Atlantida / _cJacinto Verdaguer. |
| 260 |
_aBilbao, EspaƱa : _bVasco Americana, _c1967. |
||
| 300 |
_a123 p. : _bil. ; _c25 cm. |
||
| 999 |
_c35852 _d35852 |
||